Premières lettres en commun - Géographie - Statistiques

Statistiques générales
  • Ce quiz a été pris 48 268 fois
  • Le résultat moyen est 17 sur 22
Statistiques - réponses
Réponse Lieu Lieu % Correct
Nor ___vège ___mandie
99%
Ant ___illes ___arctique
95%
Bel ___grade ___gique
95%
Man ___chester ___itoba
94%
Mont ____pellier ____réal
94%
Bru ___xelles ___nei
92%
Col ___ogne ___orado
91%
Hon ___grie ___duras
91%
Sar ___daigne ___agosse
91%
Cam ___bridge ___bodge
90%
Bra ___silia ___tislava
86%
Ind ___onésie ___iana
85%
Mar ___seille ___oc
84%
Bor ___néo ___deaux
83%
Gre ___nade ___noble
81%
Ver ___sailles ___cors
81%
Port ____ugal ____land
72%
Car ___thage ___pates
70%
Maur ____ice ____itanie
56%
Can ___tabrie ___ada
47%
Ban ___galore ___gui
40%
Khar ____toum ____kiv
34%
Aucun quiz correspondant
Distribution des résultats
% des personnes avec chaque résultat
Percentile par nombre de réponses
Votre historique - résultats
Vous n’avez pas pris ce quiz